LEADER 01688nam a2200277 4500 001 000000340851 003 CaOOAMICUS 005 20200702143112.0 008 200702s1732 it 000 u ita r 026 $aioo- n-d- o.di fevo (7) 1732 (R) 040 $aSeMil$bita 110 21$aCompagnia dell'Immacolata Concezione in S. Salvatore .$0(OLS)http://semarc/name/111657 245 00$aRegole della compagnia, o sia Confraternita, sotto il titolo della Concezione della Beatissima Vergine Immacolata, eretta canonicamente nella Chiesa Parrocchiale di S. Salvatore di Milano l'anno 1732 con le indulgenze concedute ... 264 1$aIn Milano :$bper Giuseppe Maganza, nella Stretta de' Cima cosė, vicino alla Contrada di Santa Margherita,$c1732. 300 $a24 p. ;$c8° 500 $aImmagine xilogr. della Madonna a c. A2v. 500 $aSegn.: A12 650 4$aCongregazioni e confraternite religiose - Milano - Sec. 16.-18.$0(OLS)http://semarc/subject/49109 700 1 $aMaganza, Giuseppe,$c.$0(OLS)http://semarc/name/14998 752 $aIT$dMilano 850 $aSeMil 852 $aSeMil$W1$xVenegono$y1$m3Z I 12/1 FA$j219638$B231872$CSeMilBibl$Z2$F231872 $8I 941 1 $a10 996 $6245$aRegole della compagnia, o sia Confraternita, sotto il titolo della Concezione della Beatissima Vergine Immacolata, eretta canonicamente nella Chiesa Parrocchiale di S. Salvatore di Milano l'anno 1732 con le indulgenze concedute ...$9(OLS)http://semarc/title/429934 996 $6264$aIn Milano :$bper Giuseppe Maganza, nella Stretta de' Cima cosė, vicino alla Contrada di Santa Margherita$9(OLS)http://semarc/publisher/59076 LEADER 00938nam a2200241 i 4500 001 000000076362 003 CaOOAMICUS 005 20071002000000.0 008 071002s1968 it u000 u ita u 013 $a47534 040 $aSeMil$bita 100 1 $aTedeschini Lalli, Biancamaria.$0(OLS)http://semarc/name/11660 245 10$a[Dos Passos /$cdi Bianca Tedeschini-Lalli]. 260 $aFirenze :$bLa Nuova Italia,$c1968. 300 $a114 p. ;$c17 cm. 490 0 $aIl castoro ;$v21 500 $aContiene : Note bibliografiche ; Notizie biografiche. 650 4$aDos Passos, John Roderigo.$0(OLS)http://semarc/subject/15603 830 3$aIl castoro ;$v21.$0(OLS)http://semarc/title/659 850 $aSeMil 852 $aSeMil$W1$xVenegono$y1$m1L II 19$j42514$B42514$CSeMilBibl$Z2$F42518 $81 996 $6245$a[Dos Passos$9(OLS)http://semarc/title/123755 996 $6260$aFirenze :$bLa Nuova Italia$9(OLS)http://semarc/publisher/30055